UBT Library

Biology and Human Rights (Record no. 55287)

000 -LEADER
fixed length control field 00290nam a22001337a 4500
008 - FIXED-LENGTH DATA ELEMENTS--GENERAL INFORMATION
fixed length control field 210226b ||||| |||| 00| 0 eng d
041 ## - LANGUAGE CODE
Language code of text/sound track or separate title eng
080 ## - UNIVERSAL DECIMAL CLASSIFICATION NUMBER
Edition identifier 2nd
Universal Decimal Classification number 573
082 ## - DEWEY DECIMAL CLASSIFICATION NUMBER
Classification number 573
100 ## - Rafti
Rafti 11
101 ## - Shkurtesa
Shkurtesa BIO
245 ## - TITLE STATEMENT
Title Biology and Human Rights
Statement of responsibility, etc Sapolsky, R
942 ## - ADDED ENTRY ELEMENTS (KOHA)
Source of classification or shelving scheme
Item type Books
Holdings
Withdrawn status Lost status Source of classification or shelving scheme Damaged status Not for loan Collection code Permanent location Current location Shelving location Date acquired Total Checkouts Full call number Barcode Date last seen Price effective from Koha item type
          Koleksioni i përgjithshem UBT - Lipjan UBT - Lipjan Koleksioni i përgjithshem 02/26/2021   573 SAP 002-6000140 02/26/2021 02/26/2021 Books
UBT Library © 2015-2024. All rights reserved University Education for Business and Technology